| 000 | 00551nam a22001817a 4500 | ||
|---|---|---|---|
| 005 | 20180625125238.0 | ||
| 020 | _a8178330687 | ||
| 035 | _aB--095497 | ||
| 035 | _aB--095497 | ||
| 037 | _bBPPD/PUB | ||
| 082 | 0 | 0 | _a660 |
| 100 | 1 | _aBoard Niir | |
| 245 | 1 | 0 |
_aThe Complete Technology Book on Chemical Industries _cby Niir Board |
| 260 |
_aNew Delhi _bAsia Pacific Business Press Inc. _c |
||
| 270 |
_a106-E, Kamla Nagar, P.b No.2162 _bNew Delhi _e110007 |
||
| 300 |
_axxiv, 443p. _c25cm(Hb) |
||
| 942 |
_2ddc _cEN _h660 _mCOM |
||
| 999 |
_c153058 _d153058 |
||